000 00649nam a2200205Ia 4500
005 20260415173419.0
008 008 250505s9999 xx 000 0 eng d
020 _a978-81-968962-8-7
037 _aDissertations
040 _aFEDL
_beng
_cFEDL
041 _aeng
_2eng
084 _a155.5 KHA/DI
_qFEDL
100 _aKhanna Chetna
_9783743
245 0 _aAcademic achievement of adolescents in relation to their psychosocial competencies
260 _c2022
300 _aiv, 146p.
546 _aM. Phil Dissertation (Delhi University); C D Included
942 _cDIS
_h155.5 KHA/DI
999 _c1400195
_d1400195